Josman-Sec - Statistiques

Statistiques générales
  • Ce quiz a été pris 156 fois
  • Le résultat moyen est 175 sur 363
Statistiques - réponses
Hint Réponse % Correct
a-ç
97%
se
95%
le
89%
la
88%
88%
Intro | T'inquiète pas ça se finitpas là. Va voir la partie 2! sec
83%
de
81%
Mon
80%
mon
80%
me
78%
est
76%
j'ai
76%
J'ai
76%
m'a
75%
pas
75%
ça commence!! tu
75%
coeur
74%
du
74%
je
74%
sa
74%
sorry
74%
un
74%
à
73%
a
73%
comme
70%
ce
69%
et
69%
une
68%
ça
67%
les
66%
moi
66%
Moi
66%
pour
66%
qu'à
66%
même
65%
Même
65%
elle
64%
Elle
64%
quand
64%
Quand
64%
nus
63%
si
61%
toi
61%
que
60%
rendu
60%
ému
59%
haine
59%
m'verras
59%
salope
59%
j'suis
58%
jsuis
58%
comico
57%
j'sortais
57%
pieds
57%
dans
56%
Dans
56%
dénude
56%
miel
55%
daron
52%
2 mots ensembles le sexe
52%
sera
51%
des
50%
depuis
49%
tout
49%
t'es
47%
roro
45%
jfais
44%
j'fais
44%
larmes
44%
daronne
43%
j'madoucis
43%
plus
43%
salaud
43%
yeah
43%
Yeah
43%
baiser
42%
essuyer
42%
j'rêvais
42%
ballon
41%
père
41%
l'prelude
40%
y'a
40%
ya
40%
papers
39%
sur
39%
100
38%
mes
38%
noël
38%
voisin
38%
cheminée
36%
fait
36%
mdetend
36%
blé
34%
hess
34%
qui
34%
torride
34%
trop
34%
vu
34%
j'l'ai
33%
j'veux
33%
sex story
33%
cojo
32%
jamais
32%
time
32%
gueule
31%
salon
30%
suis
30%
assassin
28%
cicatrices
28%
c'est
27%
deter
27%
dos
27%
kiffé
27%
mains
27%
poches
27%
2 mots ensembles tes fesses
27%
faut
26%
j'encaisse
26%
ton
26%
au
25%
bassin
25%
on
25%
blessent
24%
capté
24%
jme
24%
j'pense
24%
jtraînais
24%
ltour
24%
son
24%
dehors
23%
dis
23%
grandi
23%
joint
23%
promis
23%
couilles
22%
jconnaîtrai
22%
l'attitude
22%
l'pantalon
22%
qu'de
22%
sky
22%
yah
22%
grammes
20%
l'eau
20%
l'père
20%
negro
20%
pense
20%
beaucoup
19%
j'te
19%
s'allume
19%
avec
18%
gars
18%
prêt
18%
faire
17%
mots
17%
remplace
17%
rouler
17%
saloon
17%
veux
17%
briller
16%
fe-ta
16%
oublier
16%
qu'toi
16%
voir
16%
dégoupiller
15%
j'sais
15%
jsais
15%
j'tire
15%
l'oseille
15%
l'seum
15%
menthes
15%
peu
15%
quelques
15%
roupiller
15%
années
14%
coin
14%
d'moublier
14%
quoi
14%
veut
14%
cala
13%
caprice
13%
c'était
13%
cherche
13%
c'qui
13%
grenade
13%
machin
13%
mille fois
13%
Ouais
13%
sais
13%
joujou
11%
m'aurais
11%
maux
11%
merde
11%
car
10%
j'vivais
10%
m'opresse
10%
besoin
9%
c'que
9%
m'harcèle
9%
qu'elle
9%
seul
9%
attends
8%
donc
8%
Duracell
8%
j'dis
8%
planer
8%
j'panse
7%
pire
7%
recel
7%
cerveau
6%
marche
6%
puis
6%
qu'fais
2%
Aucun quiz correspondant
Distribution des résultats
% des personnes avec chaque résultat
Percentile par nombre de réponses
Votre historique - résultats
Vous n’avez pas pris ce quiz